[Event "Barcelona Segura Memorial 2nd"]
[Site "Barcelona"]
[Date "2022.11.09"]
[Round "6"]
[White "Rodriguez Isern, Bernat"]
[Black "Castillo Dalmau, Albert"]
[Result "0-1"]
[WhiteElo "1854"]
[BlackElo "2317"]
[PlyCount "36"]
[EventDate "2022.09.28"]
[EventType "swiss"]
[EventRounds "9"]
[EventCountry "ESP"]
[SourceTitle "EXT 2024"]
[Source "ChessBase"]
[SourceDate "2023.10.10"]
[SourceVersion "1"]
[SourceVersionDate "2023.10.10"]
[SourceQuality "1"]

1. e4 c5 2. Nf3 e6 3. d4 cxd4 4. Nxd4 Nc6 5. Be2 Nf6 6. Nc3 Qc7 7. 0-0 a6 8. Be3 Bb4 9. f3 d5 10. Nxc6 bxc6 11. exd5 cxd5 12. Na4 0-0 13. Rc1 Bd6 14. f4 Bd7 15. c4 Qa5 16. Nb6 Bc5 17. Nxd5 Nxd5 18. Bd4 Ne3 0-1

[Event "Barcelona Tres Peons op 19th"]
[Site "Barcelona"]
[Date "2017.02.08"]
[Round "5"]
[White "Rodriguez Isern, Bernat"]
[Black "Exposito Amaro, Josue"]
[Result "0-1"]
[WhiteElo "1780"]
[BlackElo "2288"]
[PlyCount "86"]
[EventDate "2017.01.11"]
[EventType "swiss"]
[EventRounds "9"]
[EventCountry "ESP"]
[SourceTitle "EXT 2018"]
[Source "ChessBase"]
[SourceDate "2017.10.13"]
[SourceVersion "1"]
[SourceVersionDate "2017.10.13"]
[SourceQuality "1"]

1. e4 c5 2. Nf3 Nc6 3. d4 cxd4 4. Nxd4 e5 5. Nb5 d6 6. N1c3 a6 7. Na3 b5 8. Nd5 Nce7 9. c4 Nxd5 10. cxd5 f5 11. exf5 Bxf5 12. Nc2 Nf6 13. Ne3 Bd7 14. Be2 Be7 15. 0-0 0-0 16. Ng4 Ne4 17. Qc2 Nc5 18. Ne3 Rc8 19. Bd2 Ne6 20. Qd1 Nf4 21. Rc1 Rxc1 22. Bxc1 Nxe2+ 23. Qxe2 Qa5 24. a3 Qa4 25. Re1 Bd8 26. Qd3 Qh4 27. Nd1 Bf5 28. Qe3 Bc2 29. Nc3 Bg6 30. Qa7 Rf7 31. Qe3 b4 32. g3 Qc4 33. axb4 Qxb4 34. Qe2 a5 35. Be3 Rb7 36. Bc1 h6 37. Qa6 Kh7 38. Kg2 Bf5 39. h3 Bg6 40. Qe2 Bb6 41. Qa6 Rf7 42. f3 Bd4 43. Ne4 Qxe1 0-1

[Event "Barcelona CC 4th"]
[Site "Barcelona"]
[Date "2016.11.21"]
[Round "6.10"]
[White "Permanyer Ugartemendia, Inaki"]
[Black "Rodriguez Isern, Bernat"]
[Result "0-1"]
[WhiteElo "1944"]
[BlackElo "2013"]
[PlyCount "65"]
[EventDate "2016.10.17"]
[EventType "swiss"]
[EventRounds "8"]
[EventCountry "ESP"]
[SourceTitle "EXT 2024"]
[Source "ChessBase"]
[SourceDate "2023.10.10"]
[SourceVersion "1"]
[SourceVersionDate "2023.10.10"]
[SourceQuality "1"]

1. d4 d5 2. Nf3 Nf6 3. Bg5 Nbd7 4. e3 e6 5. c4 c6 6. Nc3 Bb4 7. Qc2 Qa5 8. Be2 Ne4 9. 0-0 Bxc3 10. bxc3 Qxc3 11. Qb1 Qa5 12. Bf4 Nc3 13. Qc2 Nxe2+ 14. Qxe2 0-0 15. Rfc1 Qd8 16. e4 Nb6 17. c5 dxe4 18. Qxe4 Nd5 19. Bd6 Re8 20. Ne5 f6 21. Nf3 b5 22. a4 a5 23. g4 h6 24. Qg6 Qd7 25. g5 Qf7 26. Qe4 Qh5 27. gxh6 Qxh6 28. Kh1 Qh7 29. Qe2 Qf5 30. Rab1 e5 31. Rb3 Nf4 32. Qe3 Nh5 33. Rg1 0-1

[Event "Foment Martinenc op-B 16th"]
[Site "Barcelona"]
[Date "2014.05.10"]
[Round "3"]
[White "Rodriguez Isern, Bernat"]
[Black "Marzo Pie, Xavier"]
[Result "1-0"]
[WhiteElo "1868"]
[BlackElo "1942"]
[PlyCount "117"]
[EventDate "2014.04.26"]
[EventType "swiss"]
[EventRounds "9"]
[EventCountry "ESP"]
[SourceTitle "EXT 2015"]
[Source "ChessBase"]
[SourceDate "2014.11.20"]
[SourceVersion "1"]
[SourceVersionDate "2014.11.20"]
[SourceQuality "1"]

1. e4 c5 2. c3 d5 3. exd5 Qxd5 4. d4 Nc6 5. Nf3 Bg4 6. Be2 Nf6 7. 0-0 e6 8. Be3 cxd4 9. cxd4 Be7 10. Nc3 Qd8 11. Rc1 0-0 12. h3 Bh5 13. Qa4 Nd5 14. Nxd5 Qxd5 15. a3 Rfd8 16. Rfd1 a6 17. Rd2 Rac8 18. Rcd1 h6 19. Ne5 Nxe5 20. dxe5 Qxe5 21. Rxd8+ Bxd8 22. Qe8+ Kh7 23. Bxh5 Qxh5 24. Rxd8 Rc2 25. Bd4 Qd1+ 26. Kh2 f6 27. Qxe6 Qd3 28. Qf7 Qe4 29. Qg8+ Kg6 30. Qe8+ Kf5 31. g4+ Kf4 32. Be3+ Kf3 33. Qxe4+ Kxe4 34. Rd4+ Kf3 35. Rd3 Rxb2 36. Bc1+ Ke2 37. Bxb2 Kxd3 38. Kg3 Kc2 39. Bd4 Kd3 40. Bc5 Ke4 41. f3+ Ke5 42. f4+ Ke4 43. Bf8 g5 44. fxg5 hxg5 45. Be7 Ke5 46. Kf3 b5 47. Bd8 Ke6 48. Ke4 Kf7 49. Kf5 Ke8 50. Bxf6 a5 51. Bxg5 b4 52. axb4 axb4 53. Ke6 b3 54. Bf6 Kf8 55. h4 Kg8 56. g5 Kh7 57. h5 Kg8 58. g6 Kf8 59. h6 1-0